[Event "Cto Aragón Eq Play-off Preferente"]
[Site "Aragón"]
[Date "2016.02.06"]
[Round "2.33"]
[White "Planas Torrea, Francisco Javie"]
[Black "Hefty, Jorge W"]
[Result "0-1"]
[WhiteElo "2040"]
[BlackElo "2352"]
[PlyCount "158"]
[EventDate "2016.04.09"]
[WhiteTeam "Ejea"]
[BlackTeam "IberCaja B"]

1. e4 c5 2. Nf3 e6 3. d4 cxd4 4. Nxd4 a6 5. Nc3 b5 6. a3 Qc7 7. Be2 Nf6 8. O-O
Bb7 9. Bf3 d6 10. Nb3 Be7 11. Qe2 Nbd7 12. Bf4 O-O 13. Rfd1 Rac8 14. Rd2 e5 15.
Bg5 Nb6 16. Na5 Ba8 17. Rad1 Rfd8 18. h3 Nbd7 19. Nb3 h6 20. Bh4 Nb6 21. Na5
Rb8 22. Bxf6 Bxf6 23. Rd3 Nc4 24. Nxc4 bxc4 25. R3d2 Rxb2 26. Nd5 Bxd5 27. Rxd5
Bg5 28. g3 Ra2 29. h4 Be7 30. Rb1 Rxa3 31. Rb4 c3 32. Rc4 Qb6 33. Qd3 Qb1+ 34.
Kg2 Qe1 35. Qd1 Qxd1 36. Rxd1 g5 37. Rc7 Kf8 38. Bh5 gxh4 39. Rd3 Ra4 40. Rf3
f6 41. Bg6 d5 42. exd5 Rxd5 43. Rfxc3 Rad4 44. Ra7 Rd7 45. Rxa6 hxg3 46. Rxg3
Rf4 47. Ra8+ Bd8 48. Bh7 Rxh7 49. Rd3 Rg7+ 50. Kf1 Kg8 51. Raxd8+ Kh7 52. R8d7
Rxd7 53. Rxd7+ Kg6 54. Rc7 h5 55. Kg2 h4 56. c4 h3+ 57. Kxh3 Rxf2 58. Kg3 Rc2
59. c5 Kf5 60. Kf3 Rc3+ 61. Ke2 Ke4 62. Kd2 Rc4 63. Rc6 f5 64. Rc8 f4 65. c6
Kf3 66. Kd3 Rc5 67. Re8 Rxc6 68. Rxe5 Rd6+ 69. Kc2 Kf2 70. Rf5 f3 71. Rf8 Ke2
72. Re8+ Kf1 73. Rf8 f2 74. Re8 Rd5 75. Re7 Kg2 76. Rg7+ Kf3 77. Rf7+ Kg3 78.
Rf8 Rd4 79. Rf5 Rf4 0-1

[Event "Cto Aragón Eq Play-off Preferente"]
[Site "Aragón"]
[Date "2016.02.06"]
[Round "2.34"]
[White "Garcia Monterde, Francisco Jos"]
[Black "Planas Torrea, Alberto"]
[Result "1/2-1/2"]
[WhiteElo "1949"]
[BlackElo "1967"]
[PlyCount "83"]
[EventDate "2016.04.09"]
[WhiteTeam "IberCaja B"]
[BlackTeam "Ejea"]

1. c4 e5 2. g3 f5 3. Bg2 Nf6 4. Nc3 Bc5 5. e3 Nc6 6. Nge2 O-O 7. d4 exd4 8.
exd4 Bb4 9. O-O d6 10. Bg5 Ne7 11. Bxf6 Rxf6 12. Nf4 Bxc3 13. bxc3 Ng6 14. Nd5
Re6 15. Bh3 c6 16. Ne3 Rf6 17. f4 Ne7 18. Qb3 d5 19. Rfe1 Rb8 20. Bg2 Be6 21.
cxd5 Nxd5 22. Nxd5 Bxd5 23. Bxd5+ Qxd5 24. Re5 Qxb3 25. axb3 a6 26. Rae1 Kf8
27. Kf2 g6 28. R1e3 Rf7 29. Ke2 Rd7 30. Re6 Kf7 31. R3e5 Rbd8 32. Kd3 c5 33.
Ke3 cxd4+ 34. cxd4 Rxd4 35. Re7+ Kg8 36. Rxb7 Rd3+ 37. Kf2 Rd2+ 38. Re2 R8d7
39. Rb6 R7d6 40. Rb7 Rd7 41. Rb6 R7d6 42. Rb7 1/2-1/2

[Event "Cto Aragón Eq Play-off Preferente"]
[Site "Aragón"]
[Date "2016.02.06"]
[Round "2.35"]
[White "Merin Flores, Miguel Angel"]
[Black "Carrasquer Munoz, Alberto"]
[Result "1/2-1/2"]
[WhiteElo "1747"]
[BlackElo "1811"]
[PlyCount "95"]
[EventDate "2016.04.09"]
[WhiteTeam "Ejea"]
[BlackTeam "IberCaja B"]

1. d4 c6 2. Nf3 d5 3. e3 Bf5 4. c4 e6 5. Nc3 Nf6 6. Be2 Nbd7 7. O-O h6 8. Re1
Be7 9. Nd2 O-O 10. cxd5 exd5 11. a3 Re8 12. b4 a6 13. Bb2 Bd6 14. Na4 b5 15.
Nc5 Nxc5 16. bxc5 Bc7 17. Nf3 Nd7 18. Bd3 Bg4 19. h3 Bxf3 20. Qxf3 Qf6 21. Qh5
Nxc5 22. dxc5 Qxb2 23. Qf5 g6 24. Qd7 Ba5 25. Red1 Qf6 26. h4 h5 27. g3 Re7 28.
Qh3 Rae8 29. Qg2 Bc3 30. Rab1 Re5 31. Rb3 d4 32. a4 Rxc5 33. axb5 axb5 34. exd4
Bxd4 35. Rbb1 Rc3 36. Be4 Rb8 37. Bxc6 Qxf2+ 38. Qxf2 Bxf2+ 39. Kxf2 Rxc6 40.
Rb4 Rc4 41. Rxc4 bxc4 42. Ke3 Kg7 43. Rd6 Kf8 44. Rc6 Rb3+ 45. Kf4 Ke7 46. Rxc4
Rb5 47. Rc7+ Ke6 48. Rc6+ 1/2-1/2

[Event "Cto Aragón Eq Play-off Preferente"]
[Site "Aragón"]
[Date "2016.02.06"]
[Round "2.36"]
[White "Torcal Andolz, Alfonso"]
[Black "Galvez Longas, Isaac"]
[Result "1/2-1/2"]
[WhiteElo "1772"]
[BlackElo "1715"]
[PlyCount "92"]
[EventDate "2016.04.09"]
[WhiteTeam "IberCaja B"]
[BlackTeam "Ejea"]

1. d4 Nf6 2. Nf3 d5 3. Bf4 Bf5 4. e3 e6 5. Nbd2 Bd6 6. Ne5 Bxe5 7. Bxe5 Nbd7 8.
Bf4 Ne4 9. h3 Ndf6 10. Bd3 c6 11. O-O Nxd2 12. Qxd2 Bxd3 13. Qxd3 Nh5 14. Bh2
f5 15. c4 O-O 16. cxd5 Qxd5 17. Rfc1 Rad8 18. Rc5 Qxc5 19. Qe2 Qb5 20. Qxh5
Qxb2 21. Qd1 Rd7 22. Be5 Rff7 23. a4 Rd5 24. Rb1 Qa3 25. Ra1 Qe7 26. Qb3 Qd8
27. Rb1 Rfd7 28. Rc1 Qb6 29. Qc4 Qa6 30. Qxa6 bxa6 31. Rxc6 Ra5 32. Rc4 Kf7 33.
Kf1 Ke8 34. Ke2 Kf7 35. Kf3 g5 36. Ke2 Rb7 37. Kf3 Rd5 38. Rc8 Rdd7 39. Rh8 Kg6
40. Rg8+ Kh6 41. h4 g4+ 42. Kg3 Rf7 43. Bf4+ Kh5 44. Rg5+ Kh6 45. Rxg4+ Kh5 46.
Rg5+ Kh6 1/2-1/2

[Event "Cto Aragón Eq Play-off Preferente"]
[Site "Aragón"]
[Date "2016.02.06"]
[Round "2.37"]
[White "Soriano Ascaso, Ignacio"]
[Black "Hinojar Basa, Alfonso"]
[Result "1/2-1/2"]
[WhiteElo "2140"]
[BlackElo "2196"]
[PlyCount "47"]
[EventDate "2016.04.09"]
[WhiteTeam "Sabiñanigo"]
[BlackTeam "Marcos Frechin"]

1. e4 e6 2. d3 d5 3. Nd2 Nf6 4. g3 Be7 5. Bg2 c5 6. Ngf3 Nc6 7. O-O O-O 8. Re1
a5 9. e5 Nd7 10. Nf1 b5 11. h4 b4 12. Bf4 Ba6 13. Ne3 a4 14. Ng4 Nd4 15. Ng5 b3
16. axb3 axb3 17. cxb3 Qb6 18. Ra3 Bb7 19. Rxa8 Rxa8 20. Nf3 Nxb3 21. Bg5 Ra1
22. Qe2 Rxe1+ 23. Qxe1 Bf8 24. h5 1/2-1/2

[Event "Cto Aragón Eq Play-off Preferente"]
[Site "Aragón"]
[Date "2016.02.06"]
[Round "2.38"]
[White "De Pablo Zuniga, Hector Luis"]
[Black "Ainsa Claver, Ignacio"]
[Result "0-1"]
[WhiteElo "1975"]
[BlackElo "1954"]
[PlyCount "70"]
[EventDate "2016.04.09"]
[WhiteTeam "Marcos Frechin"]
[BlackTeam "Sabiñanigo"]

1. Nf3 Nf6 2. g3 c5 3. Bg2 d5 4. d3 g6 5. Nbd2 Bg7 6. e4 e6 7. O-O O-O 8. Re1
Nc6 9. c3 Nd7 10. Nf1 d4 11. Qc2 e5 12. Bh3 Nb6 13. Bxc8 Rxc8 14. c4 Qd7 15.
Kg2 f5 16. N1d2 f4 17. Nb3 fxg3 18. fxg3 Rxf3 19. Kxf3 Qh3 20. Bf4 exf4 21. Qf2
Ne5+ 22. Ke2 f3+ 23. Kd2 Qg2 24. Qxg2 fxg2 25. Ke2 Ng4 26. Rg1 Ne3 27. Nd2 Nd7
28. Rab1 Bf8 29. Nf3 Bd6 30. Nh4 Nf6 31. Nxg2 Nfg4 32. h3 Nxg2 33. Rxg2 Ne5 34.
Rbg1 Kg7 35. g4 a5 0-1

[Event "Cto Aragón Eq Play-off Preferente"]
[Site "Aragón"]
[Date "2016.02.06"]
[Round "2.39"]
[White "Avellanas Tomas, Jose"]
[Black "Moreno Martinez, Laura"]
[Result "1-0"]
[WhiteElo "1945"]
[BlackElo "1890"]
[PlyCount "74"]
[EventDate "2016.04.09"]
[WhiteTeam "Sabiñanigo"]
[BlackTeam "Marcos Frechin"]

1. d4 Nf6 2. Nf3 d5 3. Bf4 c5 4. e3 Nc6 5. c3 Qb6 6. Qb3 c4 7. Qc2 Bf5 8. Qc1
e6 9. Nbd2 Rc8 10. Be2 h6 11. O-O Nh5 12. Be5 Be7 13. h3 Nf6 14. Bh2 O-O 15.
Ne5 Nxe5 16. Bxe5 Rc6 17. Bxf6 Bxf6 18. b3 cxb3 19. axb3 Rfc8 20. c4 dxc4 21.
bxc4 a6 22. Ra3 Qc7 23. Qa1 Qd7 24. Qa2 Rb6 25. Rb3 Rxb3 26. Qxb3 Rc7 27. Bf3
b5 28. c5 Bg6 29. Qa2 Ra7 30. c6 Qd8 31. Rc1 Qc7 32. Qb3 Be7 33. d5 exd5 34.
Qxd5 Ra8 35. Qd7 Rc8 36. Qxc7 Rxc7 37. Ra1 Ra7 1-0

[Event "Cto Aragón Eq Play-off Preferente"]
[Site "Aragón"]
[Date "2016.02.06"]
[Round "2.40"]
[White "Santos Morales, Julio Cesar"]
[Black "Climente Martinez, Jose Luis"]
[Result "0-1"]
[WhiteElo "1851"]
[BlackElo "1924"]
[PlyCount "65"]
[EventDate "2016.04.09"]
[WhiteTeam "Marcos Frechin"]
[BlackTeam "Sabiñanigo"]

1. d4 Nf6 2. Nf3 e6 3. c4 d5 4. Nc3 c6 5. e3 Nbd7 6. Bd3 dxc4 7. Bxc4 b5 8. Bd3
a6 9. Ne4 Nxe4 10. Bxe4 Bb7 11. Bd2 Nf6 12. Bc2 c5 13. dxc5 Bxc5 14. Bc3 O-O
15. O-O Ne4 16. Bd4 Bxd4 17. Nxd4 Qg5 18. Qd3 Rfd8 19. f3 Nf6 20. Qe2 Rac8 21.
Rac1 Nd5 22. f4 Qf6 23. Nf3 g6 24. Ne5 h5 25. Bb3 h4 26. Rxc8 Rxc8 27. Qd2 h3
28. Rf3 hxg2 29. Rg3 Ne7 30. Nd7 Qg7 31. Qe2 Rc1+ 32. Bd1 e5 33. Nxe5 0-1

[Event "Cto Aragón Eq Play-off Preferente"]
[Site "Aragón"]
[Date "2016.02.06"]
[Round "2.41"]
[White "Cifuentes Parada, Roberto"]
[Black "De La Riva Fernandez, Eduardo"]
[Result "1-0"]
[WhiteElo "2469"]
[BlackElo "1922"]
[PlyCount "73"]
[EventDate "2016.04.09"]
[WhiteTeam "Jaque"]
[BlackTeam "El Olivar C"]

1. d4 Nf6 2. Nf3 b6 3. Nc3 e6 4. Bg5 Bb7 5. e4 Be7 6. Bd3 h6 7. Bxf6 Bxf6 8.
Qe2 Nc6 9. e5 Be7 10. O-O-O d5 11. exd6 cxd6 12. d5 Nb4 13. Bb5+ Kf8 14. dxe6
a6 15. Bd7 Bc8 16. Qe4 Bxd7 17. exd7 a5 18. Nd4 Na6 19. Nc6 Nc5 20. Qf3 Bg5+
21. Kb1 Qxd7 22. Ne5 Qe8 23. Ng6+ Kg8 24. Nxh8 Kxh8 25. Rhe1 Qf8 26. Rxd6 Re8
27. Rxe8 Qxe8 28. a3 b5 29. Rd5 Qe1+ 30. Rd1 Qe8 31. Qd5 Qc8 32. Nxb5 Ne6 33.
Nd6 Qc7 34. g3 Kg8 35. f4 Be7 36. Nxf7 Qb6 37. Nd6 1-0

[Event "Cto Aragón Eq Play-off Preferente"]
[Site "Aragón"]
[Date "2016.02.06"]
[Round "2.42"]
[White "Hernandez Delgado, Gabriel"]
[Black "Gonzalez Gambau, Jorge"]
[Result "1/2-1/2"]
[WhiteElo "1905"]
[BlackElo "2126"]
[PlyCount "152"]
[EventDate "2016.04.09"]
[WhiteTeam "El Olivar C"]
[BlackTeam "Jaque"]

1. Nf3 d5 2. g3 Nf6 3. Bg2 e6 4. O-O Bd6 5. d3 Nbd7 6. Nbd2 O-O 7. e4 c6 8. Re1
e5 9. exd5 cxd5 10. c4 Re8 11. cxd5 Nxd5 12. Nc4 N7b6 13. Nfxe5 Bf5 14. Nxb6
Nxb6 15. Nc4 Nxc4 16. dxc4 Rxe1+ 17. Qxe1 Bb4 18. Bg5 Bxe1 19. Bxd8 Bxf2+ 20.
Kxf2 Rxd8 21. Re1 Rd2+ 22. Re2 Rxe2+ 23. Kxe2 b6 24. b4 Kf8 25. Ke3 Ke7 26. Kd4
Kd6 27. c5+ bxc5+ 28. bxc5+ Kc7 29. a3 Bd7 30. Bd5 f6 31. Bg8 h6 32. Bf7 Bf5
33. Be8 Bc8 34. Bg6 Be6 35. Be4 Bf7 36. Bd5 Bg6 37. Ke3 Bc2 38. h4 a5 39. Kd2
Ba4 40. Kc3 g5 41. Kd4 Bc2 42. Bf7 Bb1 43. Be8 Ba2 44. Ke4 Bb1+ 45. Kd5 Ba2+
46. Ke4 Bb1+ 47. Kd4 Ba2 48. Bg6 Bb3 49. Be4 Bd1 50. Kc4 Ba4 51. Bb1 Be8 52.
Bc2 Bc6 53. Bf5 Ba4 54. hxg5 hxg5 55. Be4 Bd7 56. Bd5 Ba4 57. Kd4 Bc2 58. Ke3
Bf5 59. Bb3 Bg6 60. Ba4 Bf5 61. Kd4 Bb1 62. Kc4 f5 63. Bd1 f4 64. gxf4 gxf4 65.
Bf3 Bc2 66. Kb5 a4 67. Kb4 Kd7 68. Kc3 Bb3 69. Kd4 Ke6 70. Bg4+ Kf6 71. c6 Be6
72. Bd1 Ke7 73. Bxa4 Kd6 74. Ke4 Bd5+ 75. Kxf4 Bxc6 76. Bxc6 Kxc6 1/2-1/2

[Event "Cto Aragón Eq Play-off Preferente"]
[Site "Aragón"]
[Date "2016.02.06"]
[Round "2.43"]
[White "Ereza Vizcarra, Fernando"]
[Black "Labrador Postigo, Francisco M"]
[Result "0-1"]
[WhiteElo "1937"]
[BlackElo "1893"]
[PlyCount "74"]
[EventDate "2016.04.09"]
[WhiteTeam "Jaque"]
[BlackTeam "El Olivar C"]

1. d4 Nf6 2. Nf3 e6 3. Bg5 d5 4. e3 Be7 5. Bd3 Nbd7 6. Nbd2 h6 7. Bh4 O-O 8.
Ne5 Nxe5 9. dxe5 Nd7 10. Bxe7 Qxe7 11. f4 Nc5 12. O-O Nxd3 13. cxd3 b6 14. Rf3
Ba6 15. d4 Bd3 16. Rg3 Bf5 17. Qh5 Kh7 18. Nf3 g6 19. Qh4 Qxh4 20. Nxh4 c5 21.
Nxf5 gxf5 22. Kf2 c4 23. Ke2 Rg8 24. Rxg8 Rxg8 25. Rg1 b5 26. Kd2 b4 27. g3 Rb8
28. g4 Rg8 29. h3 fxg4 30. hxg4 h5 31. Rh1 Rxg4 32. Rxh5+ Kg6 33. Rh8 Rg2+ 34.
Kc1 Kf5 35. Rb8 a5 36. Rb5 Ke4 37. Rxa5 Kd3 0-1

[Event "Cto Aragón Eq Play-off Preferente"]
[Site "Aragón"]
[Date "2016.02.06"]
[Round "2.44"]
[White "Sarto Ramos, Angel"]
[Black "Perez Puyal, Jose Joaquin"]
[Result "1-0"]
[WhiteElo "1880"]
[BlackElo "1855"]
[PlyCount "135"]
[EventDate "2016.04.09"]
[WhiteTeam "El Olivar C"]
[BlackTeam "Jaque"]

1. d4 d5 2. Nf3 Nf6 3. Nbd2 g6 4. c4 c6 5. e3 Bg7 6. Bd3 O-O 7. O-O b6 8. b3 a5
9. a4 Na6 10. Ba3 Re8 11. Rc1 Bb7 12. Qe2 Nb4 13. Bxb4 axb4 14. c5 Ng4 15. h3
e5 16. hxg4 e4 17. Rfd1 exd3 18. Qxd3 Ba6 19. Qc2 b5 20. axb5 Bxb5 21. Ra1 Ra5
22. Qb2 Rxa1 23. Rxa1 Qd7 24. Nh2 f5 25. gxf5 Qxf5 26. Ndf1 Qd3 27. Ra7 Rf8 28.
Qa2 h5 29. Qa5 Qf5 30. f4 g5 31. Qc7 Rf7 32. Qxf7+ Qxf7 33. Rxf7 Kxf7 34. fxg5
Kg6 35. Nf3 Kf5 36. N1d2 Bf8 37. Kf2 Be7 38. Ne1 Bd8 39. Kf3 Kxg5 40. e4 dxe4+
41. Nxe4+ Kg6 42. Nd6 Bf1 43. Nc2 Ba5 44. Nb7 Bc7 45. Nxb4 Bb5 46. Nd6 Bxd6 47.
cxd6 Kf6 48. Kf4 Ke6 49. Kg5 Be2 50. Nxc6 Kxd6 51. Ne5 Bf1 52. Nc4+ Kc6 53. Ne3
Be2 54. g3 Kd6 55. Kf4 Bd3 56. Nc4+ Kd5 57. Ke3 Bc2 58. Nd2 Kd6 59. Ne4+ Ke6
60. b4 Bd1 61. b5 Kd7 62. Nc3 Bb3 63. Kf4 Be6 64. Ke5 Bc4 65. d5 Kc7 66. Ke6
Kd8 67. Kd6 Bb3 68. b6 1-0

[Event "Cto Aragón Eq Play-off Preferente"]
[Site "Aragón"]
[Date "2016.02.06"]
[Round "2.45"]
[White "Jaques Burguete, Raul"]
[Black "Accattato Martin, Nicola"]
[Result "0-1"]
[WhiteElo "2011"]
[BlackElo "2000"]
[PlyCount "50"]
[EventDate "2016.04.09"]
[WhiteTeam "St. Casablanca D"]
[BlackTeam "Monsalud"]

1. e4 d6 2. d4 Nf6 3. Bd3 e5 4. c3 Be7 5. f4 O-O 6. Nf3 Nbd7 7. O-O c6 8. h3 d5
9. fxe5 dxe4 10. exf6 Nxf6 11. Bc2 exf3 12. Qxf3 Qd5 13. Qg3 Be6 14. Nd2 c5 15.
Qd3 g6 16. Nf3 Rad8 17. Be3 Nh5 18. Ne5 Ng3 19. Rf3 Nf5 20. Bb3 Qxe5 21. Bf4 c4
22. Bxc4 Bxc4 23. Qxc4 Qd5 24. Qe2 Rfe8 25. Be5 Bf6 0-1

[Event "Cto Aragón Eq Play-off Preferente"]
[Site "Aragón"]
[Date "2016.02.06"]
[Round "2.46"]
[White "Lacruz Algarate, Alvaro"]
[Black "Antonano Fedz-Quincoces, Aveli"]
[Result "0-1"]
[WhiteElo "1986"]
[BlackElo "2006"]
[PlyCount "106"]
[EventDate "2016.04.09"]
[WhiteTeam "Monsalud"]
[BlackTeam "St. Casablanca D"]

1. d4 f5 2. e4 fxe4 3. Nc3 Nf6 4. Bg5 e6 5. Nxe4 Be7 6. Bxf6 Bxf6 7. Qh5+ g6 8.
Qh6 Qe7 9. Nf3 Bg7 10. Qf4 d6 11. Bb5+ Bd7 12. a4 Nc6 13. O-O-O O-O-O 14. Qe3
a6 15. Be2 Nb4 16. Qb3 Nd5 17. Rhe1 Bc6 18. Kb1 Qd7 19. a5 Rde8 20. Bc4 Nf4 21.
Bf1 Rhf8 22. g3 Nh5 23. Bh3 h6 24. d5 Ba4 25. dxe6 Qc6 26. e7+ Kb8 27. exf8=Q
Rxf8 28. Qd3 Rxf3 29. Qe2 d5 30. Bg2 dxe4 31. Bxf3 Qf6 32. c3 exf3 33. Qe8+
Bxe8 34. Rxe8+ Ka7 35. Rdd8 b6 36. Ra8+ Kb7 37. Rab8+ Kc6 38. axb6 cxb6 39.
Rec8+ Kb5 40. Ka2 Qe6+ 41. Ka3 Qd6+ 42. Ka2 Be5 43. Ra8 Qe6+ 44. Ka3 Qd6+ 45.
Ka2 a5 46. Kb3 a4+ 47. Kc2 Qe6 48. Re8 Qf5+ 49. Kd2 Nf6 50. Red8 Ne4+ 51. Ke3
Nc5 52. Kd2 Qe4 53. c4+ Kb4 0-1

[Event "Cto Aragón Eq Play-off Preferente"]
[Site "Aragón"]
[Date "2016.02.06"]
[Round "2.47"]
[White "Alvarez Gonzalo, Miguel Angel"]
[Black "Soriano Gracia, Manuel"]
[Result "0-1"]
[WhiteElo "1896"]
[BlackElo "1856"]
[PlyCount "64"]
[EventDate "2016.04.09"]
[WhiteTeam "St. Casablanca D"]
[BlackTeam "Monsalud"]

1. c4 c6 2. g3 Nf6 3. Bg2 d5 4. cxd5 Nxd5 5. Nc3 e6 6. e4 Nb4 7. d4 e5 8. d5
Bc5 9. a3 N4a6 10. Nge2 Nc7 11. b4 Bd6 12. O-O O-O 13. Rb1 b6 14. f4 Bb7 15. a4
Qe7 16. fxe5 Bxe5 17. Bf4 Rd8 18. Qb3 Bxf4 19. Nxf4 Nd7 20. dxc6 Bxc6 21. Ncd5
Bxd5 22. exd5 Qd6 23. Rbc1 Ne5 24. Qc3 Rac8 25. Bh3 Ne6 26. Qe3 Rxc1 27. Rxc1
Nxf4 28. gxf4 Ng6 29. f5 Nf4 30. Bg4 Nxd5 31. Qd4 Qxb4 32. Qd1 Qe7 0-1

[Event "Cto Aragón Eq Play-off Preferente"]
[Site "Aragón"]
[Date "2016.02.06"]
[Round "2.48"]
[White "Moreno Martin-Viveros, Alvaro"]
[Black "Solanas Godes, Beatriz"]
[Result "1-0"]
[WhiteElo "1777"]
[BlackElo "1849"]
[PlyCount "37"]
[EventDate "2016.04.09"]
[WhiteTeam "Monsalud"]
[BlackTeam "St. Casablanca D"]

1. d4 d5 2. c4 e6 3. Nc3 Nf6 4. cxd5 exd5 5. Bg5 Be7 6. e3 c6 7. Qc2 Nbd7 8.
Bd3 h6 9. Bf4 a6 10. Nf3 c5 11. O-O c4 12. Bf5 b5 13. e4 dxe4 14. Bxe4 Ra7 15.
d5 Nc5 16. d6 Bxd6 17. Bc6+ Bd7 18. Bxd6 Bxc6 19. Bxc5 1-0

[Event "Cto Aragón Eq Play-off Preferente"]
[Site "Aragón"]
[Date "2016.02.06"]
[Round "2.49"]
[White "Sierra Aguerri, Joaquin"]
[Black "Palacios Herrero, Pablo"]
[Result "1-0"]
[WhiteElo "2059"]
[BlackElo "2149"]
[PlyCount "103"]
[EventDate "2016.04.09"]
[WhiteTeam "Tauste"]
[BlackTeam "Palacio de Pioneros A"]

1. e4 e6 2. d4 d5 3. Bd3 dxe4 4. Bxe4 Nf6 5. Bf3 c5 6. c3 Nc6 7. Ne2 Be7 8. O-O
O-O 9. Be3 cxd4 10. Nxd4 Ne5 11. Be2 Nd5 12. Bc1 Ng6 13. Qc2 a6 14. a4 Qc7 15.
Na3 Bd7 16. g3 Rac8 17. Bd2 Bc5 18. Qb3 Rfd8 19. Bf3 Qb6 20. Qxb6 Bxb6 21. Nac2
Ne5 22. Be2 Nc6 23. Bf3 Nxd4 24. Nxd4 Bxd4 25. cxd4 Rc4 26. Ba5 Rdc8 27. Bxd5
exd5 28. Bb6 Bxa4 29. Rfe1 Re8 30. b3 Rb4 31. bxa4 Re6 32. Rxe6 fxe6 33. a5 Rc4
34. Rb1 Rc8 35. Bc5 Rc7 36. f4 Rd7 37. Kf2 Kf7 38. g4 Kf6 39. Kf3 g5 40. h4
gxh4 41. Rh1 Kg6 42. Rxh4 h6 43. Rh1 Rc7 44. Re1 Kf6 45. Kg3 Rc6 46. Re5 Rc7
47. Kh4 Rc6 48. Kh5 Kg7 49. Re1 Kf6 50. Rb1 Rc7 51. Rb6 Rg7 52. Bd6 1-0

[Event "Cto Aragón Eq Play-off Preferente"]
[Site "Aragón"]
[Date "2016.02.06"]
[Round "2.50"]
[White "Romero Pallares, Daniel"]
[Black "Fernandez Rubio, Rafael"]
[Result "1-0"]
[WhiteElo "2135"]
[BlackElo "2042"]
[PlyCount "65"]
[EventDate "2016.04.09"]
[WhiteTeam "Palacio de Pioneros A"]
[BlackTeam "Tauste"]

1. e4 d6 2. d4 Nf6 3. Nc3 Nbd7 4. f4 e5 5. Nf3 exd4 6. Qxd4 c6 7. Be3 d5 8. e5
Ng4 9. Bg1 Bc5 10. Qd2 O-O 11. h3 Nh6 12. g4 Re8 13. O-O-O b5 14. Ne2 Bxg1 15.
Rxg1 Nb6 16. Ng3 a6 17. Bd3 Kh8 18. g5 Ng8 19. f5 c5 20. Qf4 Bb7 21. f6 g6 22.
Nh4 Qc7 23. Rde1 c4 24. Bxg6 fxg6 25. f7 Rf8 26. Nxg6+ hxg6 27. Qh4+ Kg7 28. e6
c3 29. Qd4+ Kh7 30. Qh4+ Kg7 31. Qd4+ Kh7 32. Nf5 cxb2+ 33. Kb1 1-0

[Event "Cto Aragón Eq Play-off Preferente"]
[Site "Aragón"]
[Date "2016.02.06"]
[Round "2.51"]
[White "Sancho Casale, Jesus"]
[Black "Echarte Buil, Oscar"]
[Result "1-0"]
[WhiteElo "1997"]
[BlackElo "2118"]
[PlyCount "47"]
[EventDate "2016.04.09"]
[WhiteTeam "Tauste"]
[BlackTeam "Palacio de Pioneros A"]

1. e4 c5 2. Nf3 g6 3. d4 cxd4 4. Nxd4 Bg7 5. c4 Nc6 6. Be3 Nf6 7. Nc3 O-O 8.
Be2 d6 9. f3 Bd7 10. Nc2 a6 11. Qd2 Qa5 12. O-O Rfc8 13. Rac1 Ne5 14. b4 Qd8
15. c5 dxc5 16. Bxc5 b6 17. Bf2 b5 18. Bc5 Qc7 19. f4 Bc6 20. fxe5 Qxe5 21. Bd4
Qe6 22. Qf4 Nxe4 23. Bxg7 Kxg7 24. Nd4 1-0

[Event "Cto Aragón Eq Play-off Preferente"]
[Site "Aragón"]
[Date "2016.02.06"]
[Round "2.52"]
[White "Baquedano Coarasa, Pablo"]
[Black "Vera Jimenez, Andres"]
[Result "1-0"]
[WhiteElo "2031"]
[BlackElo "1967"]
[PlyCount "88"]
[EventDate "2016.04.09"]
[WhiteTeam "Palacio de Pioneros A"]
[BlackTeam "Tauste"]

1. d4 d5 2. c4 c6 3. Nf3 Nf6 4. Qb3 e6 5. g3 Be7 6. Bg2 Nbd7 7. O-O O-O 8. e3
Qb6 9. Nc3 Qxb3 10. axb3 b6 11. Nd2 Bb7 12. Rd1 Rfd8 13. Nf1 a6 14. f3 c5 15.
f4 cxd4 16. exd4 Ne4 17. Ne3 Ndf6 18. Na4 Nd7 19. f5 Bb4 20. fxe6 fxe6 21. Bh3
Nf8 22. Nxb6 Rab8 23. c5 Nxc5 24. dxc5 Bxc5 25. Na4 Ba7 26. Bg2 Ba8 27. Kh1
Rxb3 28. Nc2 e5 29. Bg5 Rc8 30. Rac1 e4 31. Bh3 Rc4 32. Na1 Rbb4 33. b3 Rxc1
34. Rxc1 Rb8 35. Bf4 Rd8 36. Bc7 Re8 37. Bb6 Bb8 38. Nc2 Be5 39. Nd4 Ng6 40.
Nc3 Rb8 41. Be6+ Kh8 42. Nxd5 h5 43. Nc6 Re8 44. Bf7 Rc8 1-0

[Event "Cto Aragon Equipos 2016 Pref Gr II"]
[Site "Aragon"]
[Date "2016.02.06"]
[Round "2.53"]
[White "Fontana Sotomayor, Luis Javier"]
[Black "Lopez Caudevilla, David"]
[Result "0-1"]
[WhiteElo "2315"]
[BlackElo "2031"]
[PlyCount "90"]
[EventDate "2016.01.30"]
[WhiteTeam "Jaime Casas B"]
[BlackTeam "Actur Rey Fernando"]

1. b3 Nf6 2. Bb2 g6 3. Bxf6 exf6 4. c4 Bg7 5. Nc3 O-O 6. d4 c5 7. e3 d6 8. g3
Nc6 9. Bg2 Re8 10. Nge2 Bg4 11. f3 Bc8 12. d5 Ne7 13. Qd3 a6 14. O-O b5 15.
Rae1 b4 16. Nd1 a5 17. f4 a4 18. Nc1 axb3 19. axb3 f5 20. Nf2 Bd7 21. Bf3 Ra3
22. Qc2 Ra6 23. Re2 Qc8 24. h3 Qd8 25. Kg2 Ra7 26. g4 fxg4 27. hxg4 h5 28. e4
hxg4 29. Bxg4 Bxg4 30. Nxg4 f5 31. Nf2 fxe4 32. Qxe4 Kf8 33. Rfe1 Bc3 34. Qe6
Qd7 35. Rh1 Nf5 36. Qxd7 Rxd7 37. Rxe8+ Kxe8 38. Ne2 Re7 39. Ng3 Nxg3 40. Kxg3
Re3+ 41. Kg4 Be1 42. Rh2 Kf7 43. Kg5 Bxf2 44. Rxf2 Rg3+ 45. Kh6 Rxb3 0-1

[Event "Cto Aragon Equipos 2016 Pref Gr II"]
[Site "Aragon"]
[Date "2016.02.06"]
[Round "2.54"]
[White "Aviol Perez, Jose Mariano"]
[Black "Maza Broto, Pablo"]
[Result "0-1"]
[WhiteElo "1821"]
[BlackElo "2082"]
[PlyCount "104"]
[EventDate "2016.01.30"]
[WhiteTeam "Actur Rey Fernando"]
[BlackTeam "Jaime Casas B"]

1. d4 Nf6 2. Nf3 g6 3. Nc3 d5 4. Bf4 Bg7 5. Ne5 O-O 6. e3 c5 7. Be2 Nc6 8. O-O
cxd4 9. exd4 Qb6 10. Nxc6 Qxc6 11. Re1 Be6 12. Qd2 Rac8 13. Rad1 a6 14. Be5 b5
15. a3 Nd7 16. Bxg7 Kxg7 17. Qg5 Qd6 18. h4 h6 19. Qe3 Bf5 20. Rd2 Nb6 21. g4
Be6 22. f4 Bd7 23. b3 Rc6 24. Bf3 Rfc8 25. Rd3 h5 26. f5 Qg3+ 27. Bg2 Qxg4 28.
Qe5+ Kg8 29. Nxd5 Nxd5 30. Qxd5 Bxf5 31. Rxe7 Be6 32. Qe5 Rxc2 33. Rg3 Rc1+ 34.
Bf1 Qf5 35. Qxf5 Bxf5 36. d5 Rd1 37. Re5 Kf8 38. Kf2 Rc2+ 39. Be2 f6 40. Ree3
Rxd5 41. Rc3 Rdd2 42. Rxc2 Rxc2 43. Ke1 Ke7 44. a4 bxa4 45. bxa4 Ra2 46. Bxa6
Rxa4 47. Bd3 Bxd3 48. Rxd3 Rxh4 49. Kf2 g5 50. Kg3 Ra4 51. Re3+ Kf7 52. Kh3 f5
0-1

[Event "Cto Aragon Equipos 2016 Pref Gr II"]
[Site "Aragon"]
[Date "2016.02.06"]
[Round "2.55"]
[White "Rodriguez Leiva, Manuel"]
[Black "Fernandez Sierra, Pedro Jose"]
[Result "1-0"]
[WhiteElo "1937"]
[BlackElo "1670"]
[PlyCount "57"]
[EventDate "2016.01.30"]
[WhiteTeam "Jaime Casas B"]
[BlackTeam "Actur Rey Fernando"]

1. e4 e6 2. d4 d5 3. e5 c5 4. c3 Nc6 5. Nf3 cxd4 6. cxd4 Qb6 7. Nc3 Nge7 8. Bd3
Bd7 9. Na4 Qa5+ 10. Bd2 Nb4 11. Nc5 Nxd3+ 12. Nxd3 Qb6 13. Nc5 Bc6 14. O-O Nf5
15. b4 Be7 16. a4 Bxc5 17. dxc5 Qc7 18. b5 Bd7 19. Rc1 a5 20. Re1 O-O 21. Bg5
Rfe8 22. Qd3 g6 23. Nd4 Nxd4 24. Qxd4 h5 25. Bf6 Kh7 26. Re3 Rg8 27. Rh3 Qc8
28. Qd3 Kh6 29. g4 1-0